¿Promoción o prevención? : Alcoholismo, estado e iglesia en Costa Rica (1850-1936) /
שמור ב:
| מחבר ראשי: | |
|---|---|
| פורמט: | לא ידוע |
| שפה: | Spanish |
| נושאים: | |
| תגים: |
הוספת תג
אין תגיות, היה/י הראשונ/ה לתייג את הרשומה!
|
MARC
| LEADER | 000000000a22000000004500 | ||
|---|---|---|---|
| 001 | 007095 | ||
| 041 | 0 | |a spa | |
| 100 | 1 | |a Urbina Gaitán, Chester Rodolfo | |
| 245 | 1 | 1 | |a ¿Promoción o prevención? : |b Alcoholismo, estado e iglesia en Costa Rica (1850-1936) / |c Chester Rodolfo Urbina Gaitán. |
| 310 | |a semestral | ||
| 650 | 4 | |a ALCOHOLISMO | |
| 650 | 4 | |a BEBIDAS ALCOHÓLICAS | |
| 650 | 4 | |a FÁBRICA NACIONAL DE LICORES (COSTA RICA) | |
| 773 | 0 | |d Heredia, Costa Rica : Instituto de Estudios Latinoamericanos (IDELA) |t Repertorio Americano. Nueva Época |g número 7 (1996), páginas 59-66 | |
| 942 | |c ARC | ||
| 999 | |c 13213 |d 13213 | ||
